Movies Quiz

Random Movies or Director Quiz

Odd One Out: Movie Words by Director Quiz Stats

 Plays Quiz Updated Mar 23, 2018

Score 0/16 Timer 02:00
6 Plays Today
Question Answer Wrong Answers
Stanley Kubrick Odyssey
94.2%
Eyes
0.6%
Wide
0.7%
Shut
0.8%
Oliver Stone Given
93.5%
Natural
0.9%
Born
1%
Killers
0.9%
Billy Wilder Cookie
93.2%
Some
1.2%
Like
1%
Hot
0.9%
Martin Scorsese Raging
92.7%
Wolf
1.8%
Wall
1.1%
Street
0.9%
Alfred Hitchcock Rear
91.3%
Knew
1.9%
Too
1.6%
Much
1.7%
George Lucas Graffiti
91.3%
Wars
1.4%
Revenge
1.6%
Sith
2.3%
Wes Anderson Royal
90.6%
Grand
2.3%
Budapest
2.2%
Hotel
1.1%
Cecil B. DeMille Commandments
90.6%
Greatest
1.1%
Show
2.5%
Earth
2%
Frank Capra Wonderful
89.1%
Smith
2.6%
Goes
2.1%
Washington
2.4%
William Wyler Miniver
88.8%
Best
1.8%
Years
2.2%
Lives
3%
Kathryn Bigelow Mission
87.5%
Zero
2.3%
Dark
4%
Thirty
2.3%
Lone Scherfig Italian
87.3%
Just
2.5%
Like
1.9%
Home
4%
Tim Burton Shadows
84.6%
Demon
4.7%
Barber
4.9%
Street
2.1%
Woody Allen Manhattan
84.1%
Vicky
3.7%
Cristina
2.6%
Barcelona
5.8%
Ava DuVernay Compton
74.8%
Saturday
8.3%
Night
2%
Life
10.3%
Jane Campion Lady
27.7%
Angel
8.2%
My
2.5%
Table
57.1%

You're not logged in!

Compare scores with friends on all Sporcle quizzes.
OR
Log In

You Might Also Like...

Show Comments

Extras

Top Quizzes Today


Score Distribution

Your Account Isn't Verified!

In order to create a playlist on Sporcle, you need to verify the email address you used during registration. Go to your Sporcle Settings to finish the process.

Report this User

Report this user for behavior that violates our Community Guidelines.

Details: